CHANGING FACE OF RETAILING IN INDIA (Record no. 34675)

MARC details
000 -LEADER
fixed length control field 00261nam a2200109Ia 4500
008 - FIXED-LENGTH DATA ELEMENTS--GENERAL INFORMATION
fixed length control field 240625s9999 xx 000 0 und d
041 ## - LANGUAGE CODE
Language code of text/sound track or separate title eng
082 ## - DEWEY DECIMAL CLASSIFICATION NUMBER
Classification number 658.87 ALE
100 ## - MAIN ENTRY--PERSONAL NAME
Personal name SALUJA NAVNEET
245 ## - TITLE STATEMENT
Title CHANGING FACE OF RETAILING IN INDIA
365 ## - TRADE PRICE
Currency code RS
Price amount 15
Holdings
Withdrawn status Lost status Damaged status Not for loan Home library Current library Shelving location Date acquired Cost, normal purchase price Full call number Barcode Date last seen Copy number Price effective from Koha item type
        IMTN IMTN Rack 36-B 11/23/2010 499.00 658.87 ALE CD1696 06/25/2024 1 06/25/2024 CD
Designed & Maintained by: LRC IMT Nagpur Contact: lrc@imtnag.ac.in© 2024. All Rights Reserved.